Giáo trình thiết kế web

Nội dung sách gồm: Giới thiệu chung; ngôn ngữ HTML; gôn ngữ Cascading Style Sheet; phần mềm Dreamweaver; Thiết kế web động với ASP; đăg ký host và sử dụng một số phần mềm hỗ trợ thiết kế web.

Saved in:
Bibliographic Details
Main Author: Ngô, Đức Lưu
Format: Book
Language:Undetermined
Published: Cần Thơ Nxb. Đại học Cần Thơ 2019
Subjects:
Tags: Add Tag
No Tags, Be the first to tag this record!
Institutions: Trung tâm Học liệu Trường Đại học Cần Thơ
LEADER 00956nam a2200217Ia 4500
001 CTU_240231
008 210402s9999 xx 000 0 und d
020 |c 600000 
082 |a 005.72 
082 |b L566 
100 |a Ngô, Đức Lưu 
245 0 |a Giáo trình thiết kế web 
245 0 |c Ngô Đức Lưu (chủ biên), Huỳnh Huy Tuấn, Trần Thị Ngọc Thảo 
260 |a Cần Thơ 
260 |b Nxb. Đại học Cần Thơ 
260 |c 2019 
520 |a Nội dung sách gồm: Giới thiệu chung; ngôn ngữ HTML; gôn ngữ Cascading Style Sheet; phần mềm Dreamweaver; Thiết kế web động với ASP; đăg ký host và sử dụng một số phần mềm hỗ trợ thiết kế web. 
650 |a Web sites,Trang web 
650 |x Design,Thiết kế 
910 |a Tuyến 
980 |a Trung tâm Học liệu Trường Đại học Cần Thơ